Online Public Access Catalogue

Textbook of Medical Physiology (Record no. 4359)

MARC details
000 -LEADER
fixed length control field 00399nam a2200145Ia 4500
082 ## - DEWEY DECIMAL CLASSIFICATION NUMBER
Classification number QT 104
Author Mark GUY
100 ## - MAIN ENTRY--PERSONAL NAME
Author Name Guyton, Arthur C.
245 #0 - TITLE STATEMENT
Title Textbook of Medical Physiology
Statement of responsibility, etc. Guyton, Arthur C.
250 ## - EDITION STATEMENT
Edition statement 10th
260 ## - PUBLICATION, DISTRIBUTION, ETC.
Place of publication, distribution, etc. Philadelphia
Name of publisher, distributor, etc. Saunders Company
Date of publication, distribution, etc. 2000
300 ## - PHYSICAL DESCRIPTION
No of Pages 1064
650 ## - SUBJECT ADDED ENTRY--TOPICAL TERM
Subject Physiology.Physiological processes
942 ## - ADDED ENTRY ELEMENTS (KOHA)
Koha item type Books
952 ## - LOCATION AND ITEM INFORMATION (KOHA)
-- 2018-03-16
Holdings
Withdrawn status Lost status Damaged status Not for loan Home library Current library Shelving location Date acquired Total Checkouts Full call number Barcode Date last seen Koha item type
        Islamabad Medical and Dental College Islamabad Medical and Dental College Islamabad Medical and Dental College 16/03/2018   QT 104 5915 16/03/2018 Books

Copyright @ IMDC Library
Islamabad Medical and Dental College
Bhara Kahu, Islamabad

  Contact the Librarian, IMDC
  Email:: library@imdcollege.edu.pk

  OPAC Customized by
  Mazhar Hussain,
  Librarian:
  Islamabad Medical and Dental College
  Email:: library@imdcollege.edu.pk